Países con 'M' - Estadísticas

Estadísticas generales
  • Esta prueba ha sido intentada 42 veces
    28 desde el último reinicio
  • La puntuación promedio es 9 de 17
Estadísticas de respuestas
País % Correcto
Malí
71%
México
71%
Mauritania
67%
Macedonia del Norte
57%
Madagascar
57%
Maldivas
57%
Malta
57%
Mauricio
57%
Moldavia
57%
Mónaco
57%
Mongolia
57%
Montenegro
57%
Mozambique
52%
Malasia
48%
Myanmar
43%
Malaui
38%
Maruecos
29%
No se encontraron pruebas coincidentes
Distribución de puntuación
Porcentaje de gente con cada puntuación
Porcentaje por número respondido
Historial de tus puntuaciones
No has intentado esta prueba desde el último reinicio